Análisis econométrico transversal de la velocidad de circulación del dinero para grupo de países en vías de desarrollo y sus relaciones con los precios, riqueza e ingreso real /

Comportamiento de la velocidad de circulación del dinero en los países en vías de desarrollo (período de observación 1970). Determina como reacciona la velocidad de circulación del dinero, aplicando la ecuación concebida por Friedman. Centra la atención en el análisis de la teoría cuantitativa de di...

Popoln opis

Shranjeno v:
Bibliografske podrobnosti
Glavni avtor: Rodríguez Gutiérrez, Oscar Alfonso
Format: Tesis
Izdano: San Salvador: Universidad Centroamericana José Simeón Cañas
Teme:
Oznake: Označite
Brez oznak, prvi označite!

MARC

LEADER 00000 a a2200000 04500
001 20110
003
040 |a CRAI/IIS  |c CRAI/IIS 
090 |a 08276.00  
100 |a Rodríguez Gutiérrez, Oscar Alfonso  
245 |a Análisis econométrico transversal de la velocidad de circulación del dinero para grupo de países en vías de desarrollo y sus relaciones con los precios, riqueza e ingreso real /  |c Oscar Alfonso Rodríguez Gutiérrez 
260 |a San Salvador:   |b Universidad Centroamericana José Simeón Cañas  
300 |a 277 páginas  
502 |a Tesis (Licenciado en Economía) -- Universidad Centroamericana José Simeón Cañas. Facultad de Ciencias Económicas. Escuela de Economía, 1975  
520 |a Comportamiento de la velocidad de circulación del dinero en los países en vías de desarrollo (período de observación 1970). Determina como reacciona la velocidad de circulación del dinero, aplicando la ecuación concebida por Friedman. Centra la atención en el análisis de la teoría cuantitativa de dicho autor y especialmente, trata sobre lo que el llama "nueva formulación de la teoría cuantitativa del dinero". Señala que un objetivo básico del estudio es determinar si el análisis y concepción de tal teoría, así como su ecuación representativa, se pueden adoptar al grupo de países incluídos en esta investigación./ACM  
650 |a AMERICA CENTRAL  
650 |a AMERICA LATINA  
650 |a SUBDESARROLLO  
650 |a CIRCULACION MONETARIA  
650 |a SISTEMAS MONETARIOS  
650 |a MODELOS ECONOMETRICOS  
650 |a TEORIA ECONOMICA  
999 |c 17906  |d 17906